Acta Cusana 1401 - 1437 Mai 17 : Quellen zur Lebensgeschichte des Nikolaus von Kues Bd. 1, Lfg. 1 1401 - 1437 Mai 17

Bibliographische Detailangaben
Weitere Verfasser: Meuthen, Erich 1929-2018 (BerichterstatterIn), Hallauer, Hermann 1926-2013 (BerichterstatterIn)
Format: Buch
Sprache:German
Latin
Veröffentlicht: Hamburg : Meiner, 1976
Zugriff auf das übergeordnete Werk:Acta Cusana
Umfang:XVI, 199, 7 S
LEADER 01000cam a2200265 cc4500
001 033016739
003 DE-627
005 20260406135000.0
007 tu
008 921014s1976 gw ||||| 00| ||ger c
020 |a 3787303871  |9 3-7873-0387-1 
020 |a 9783787303878  |9 978-3-7873-0387-8 
035 |a (DE-627)033016739 
035 |a (DE-599)GBV033016739 
035 |a (OCoLC)830822634 
040 |a DE-627  |b ger  |c DE-627  |e rakwb 
041 |a ger  |a lat 
044 |c XA-DE 
084 |a BN 2834  |2 rvk  |0 (DE-625)rvk/13584: 
084 |a CE 7600  |2 rvk  |0 (DE-625)rvk/18020:11599 
245 0 0 |a Acta Cusana  |b Quellen zur Lebensgeschichte des Nikolaus von Kues  |n Bd. 1, Lfg. 1  |p 1401 - 1437 Mai 17  |c im Auftr. der Heidelberger Akad. der Wiss. hrsg. von Erich Meuthen und Hermann Hallauer 
246 3 0 |a vierzehnhunderteins bis siebzehnten Mai vierzehnhundertsiebenunddreißig 
264 1 |a Hamburg  |b Meiner  |c 1976 
300 |a XVI, 199, 7 S 
336 |a Text  |b txt  |2 rdacontent 
337 |a ohne Hilfsmittel zu benutzen  |b n  |2 rdamedia 
338 |a Band  |b nc  |2 rdacarrier 
583 1 |a Massenentsäuert  |c 2011  |2 pdager  |5 DE-18 
583 1 |a Archivierung/Langzeitarchivierung gewährleistet  |f PEHH  |x XA-DE-HH  |2 pdager  |5 DE-18 
700 1 |a Meuthen, Erich  |d 1929-2018  |0 (DE-588)11917913X  |0 (DE-627)079975895  |0 (DE-576)162218818  |4 oth 
700 1 |a Hallauer, Hermann  |d 1926-2013  |0 (DE-588)124601359  |0 (DE-627)363437061  |0 (DE-576)294406530  |4 oth 
773 1 8 |w (DE-627)033016720  |w (DE-576)9033016729  |g Bd. 1, Lfg. 1  |q 1,1.1976  |7 nnam 
776 0 8 |i Elektronische Reproduktion  |t Acta Cusana ; Band 1, Lieferung 1: 1401-1437 Mai 17  |d Hamburg : Felix Meiner Verlag, 1976  |h xvi, 199, 7 Seiten  |w (DE-627)190337703X  |z 9783787348862 
889 |w (DE-627)098069497 
889 |w (DE-627)1865382701 
912 |a GBV_ILN_11 
912 |a ISIL_DE-1a 
912 |a SYSFLAG_1 
912 |a GBV_KXP 
912 |a GBV_ILN_20 
912 |a ISIL_DE-84 
912 |a GBV_ILN_21 
912 |a ISIL_DE-46 
912 |a GBV_ILN_22 
912 |a ISIL_DE-18 
912 |a GBV_ILN_22_i16101 
912 |a GBV_ILN_22_i30908 
912 |a GBV_ILN_24 
912 |a ISIL_DE-8 
912 |a GBV_ILN_24_f040 
912 |a GBV_ILN_31 
912 |a ISIL_DE-27 
912 |a GBV_ILN_39 
912 |a ISIL_DE-547 
912 |a GBV_ILN_40 
912 |a ISIL_DE-7 
912 |a GBV_ILN_40_i053 
912 |a GBV_ILN_50 
912 |a ISIL_DE-23 
912 |a GBV_ILN_60 
912 |a ISIL_DE-705 
912 |a GBV_ILN_69 
912 |a ISIL_DE-9 
912 |a GBV_ILN_72 
912 |a ISIL_DE-35 
912 |a GBV_ILN_90 
912 |a ISIL_DE-Hil2 
912 |a GBV_ILN_120 
912 |a ISIL_DE-715 
912 |a GBV_ILN_121 
912 |a ISIL_DE-45 
912 |a GBV_ILN_123 
912 |a ISIL_DE-Ha33 
912 |a GBV_ILN_130 
912 |a ISIL_DE-700 
912 |a GBV_ILN_227 
912 |a ISIL_DE-56 
912 |a GBV_ILN_350 
912 |a ISIL_DE-2795 
912 |a GBV_ILN_350_ 
912 |a GBV_ILN_607 
912 |a ISIL_DE-H373 
912 |a GBV_ILN_813 
912 |a ISIL_DE-Mue73 
936 r v |a BN 2834  |b Nikolaus von Kues  |k Theologie und Religionswissenschaften  |k Dogmatik und Dogmengeschichte  |k Autoren  |k Spätscholastik (14.-15. Jh.)  |k Autoren N  |k Nikolaus von Kues  |0 (DE-627)1270651560  |0 (DE-625)rvk/13584:  |0 (DE-576)200651560 
936 r v |a CE 7600  |b Gesamtausgaben, Werke, Gesammelte Werke  |k Philosophie  |k Geschichte der Philosophie  |k Geschichte der Philosophie des Abendlandes von Antike bis 20. Jahrhundert  |k Philosophie der Neuzeit  |k Autoren  |k Nikolaus <von Kues>  |k Gesamtausgaben, Werke, Gesammelte Werke  |0 (DE-627)1270645005  |0 (DE-625)rvk/18020:11599  |0 (DE-576)200645005 
951 |a MV 
980 |2 11  |1 01  |x 0001  |b 028249585  |c 00  |f 1:HA3  |d HA 3 Be 8680-1,1  |e s  |j --%%--  |c 09  |f --%%--  |d 4"@390888-1,1  |e --%%--  |j --%%--  |y r  |z 26-02-97 
980 |2 11  |1 02  |x 0001  |b 766771318  |c 00  |f 2  |d 32 MB 2876-1,1  |e u  |j --%%--  |y r  |z 11-02-93 
980 |2 20  |1 01  |x 0084  |b 357066308  |c 00  |f Q4  |d Sla 1050  |e i  |j --%%--  |y riQ4  |z 16-09-99 
980 |2 20  |1 02  |x 0084  |b 1550917447  |c 00  |f S1  |d II-1401-100-4  |e i  |j --%%--  |y riS1  |z 30-06-15 
980 |2 21  |1 01  |x 0046  |b 268512116  |c 00  |f E03  |d h phi 228.2/101-1,1  |e d  |j --%%--  |h kk  |y xza  |z 23-12-97 
980 |2 22  |1 01  |x 0018  |b 097324159  |c 00  |f SUB-SM  |d B/22917: 1,1  |e u  |j --%%--  |y zu  |z 16-12-95 
980 |2 22  |1 02  |x 0018  |b 1242750177  |c 00  |f 18/161  |d G V y 1000 : 1,1.2  |e i  |j --%%--  |y ri16101  |z 18-05-11 
980 |2 22  |1 03  |x 0018  |b 1301617172  |c 00  |f 18/309-PH  |d 2 nw 1006,1.1  |e c  |j --%%--  |c 04  |f 18/309-p  |d 2 nw 1006,1.1  |e i  |j --%%--  |y zi30908  |z 03-04-12 
980 |2 24  |1 01  |x 0008  |b 230457835  |c 00  |f 16  |d Qa 5814-1,1  |e u  |j --%%--  |h ba  |y zz1  |z 15-09-97 
980 |2 24  |1 02  |x 0008  |b 391110659  |c 00  |f 8/40  |d Ma 10452 (1,1)  |e i  |j --%%--  |h ha  |y kf040  |z 31-05-00 
980 |2 31  |1 01  |x 0027  |b 276623444  |c 00  |f J 30  |d PHI:HG:900:N639:3:1976  |e d  |j --%%--  |y z  |z 17-03-98 
980 |2 39  |1 01  |x 0547  |b 772813485  |c 00  |f LS  |d BN 2834 M599-1,1  |e b  |j --%%--  |c 05  |f --%%--  |d Bibliothek der Theologischen Fakultät Erfurt  |e --%%--  |j --%%--  |y zek2  |z 27-07-06 
980 |2 40  |1 01  |x 0007  |b 230782671  |c 00  |f --%%--  |d FB 8641:1,1  |e u  |j --%%--  |y xsn  |z 06-03-97 
980 |2 40  |1 02  |x 0007  |b 231404018  |c 00  |f BBK-HIST  |d D III 315 g (1.1)  |e i  |j --%%--  |k Zusammengebunden mit Lfg. 2  |y zi053  |z 13-03-97 
980 |2 50  |1 01  |x 0023  |b 224686380  |c 00  |f --%%--  |d TH 06-3801  |e b  |j --%%--  |c 09  |f --%%--  |d F4° 58b:1,1  |e --%%--  |j --%%--  |y n  |z 07-01-97 
980 |2 60  |1 01  |x 0705  |b 1279667117  |c 00  |f PAE  |d THE 306.6 NIC:YD0001-001,01  |e u  |j --%%--  |y z  |z 29-11-11 
980 |2 69  |1 01  |x 0009  |b 234787708  |c 00  |f MB 480  |d 480/BN 2834 A188-1,1  |e u  |j --%%--  |y z  |z 25-04-97 
980 |2 72  |1 01  |x 0035  |b 045882029  |c 00  |f ZEN  |d 80/8014:1,1  |e u  |j --%%--  |y nz  |z 14-10-92 
980 |2 90  |1 01  |x 3090  |b 248645625  |c 00  |f MAGAZIN  |d 20938  |e u  |j --%%--  |y z  |z 11-08-97 
980 |2 120  |1 01  |x 0715  |b 626521505  |c 00  |f --%%--  |d phi 228.7-0 CM 5066-1,1  |e u  |j --%%--  |h alma  |y z  |z 12-12-03 
980 |2 121  |1 01  |x 0045  |b 781215544  |c 00  |f --%%--  |d 4-76-0387: 1,1  |e u  |j --%%--  |h alma  |y z  |z 21-03-02 
980 |2 123  |1 01  |x 3311  |b 1290954313  |c 00  |f --%%--  |d 20.898/1.1  |e i  |j --%%--  |y z4  |z 02-02-12 
980 |2 130  |1 01  |x 0700  |b 727587218  |c 00  |f B  |d IZN M 2504-707 7  |e u  |j --%%--  |y kb  |z 07-07-05 
980 |2 227  |1 01  |x 0056  |b 390399396  |c 00  |f --%%--  |d Zs II 1091 : 1,1  |e u  |j --%%--  |y x  |z 25-05-00 
980 |2 350  |1 01  |x 8293  |b 097287792  |c 00  |f MAG3  |d Pb 7305 -1,1  |e i  |j --%%--  |y n  |z 02-02-00 
980 |2 607  |1 01  |x 4607  |b 4005389767  |c 00  |f --%%--  |d bio/317-1,1  |e c  |j --%%--  |y z  |z 24-11-21 
980 |2 813  |1 01  |x 4813  |b 4389235672  |c 00  |f DMAG  |d SLG 25409  |e u  |j --%%--  |y ndbm  |z 05-10-23 
983 0 0 |2 11  |1 00  |x DE-1a  |8 13  |0 (DE-627)509112625  |a HA 3 Be 8670 - 8689 
983 0 0 |2 11  |1 00  |x DE-1a  |8 51  |a HA 03 Be 8680 Acta Cusana : Quellen zur Lebensgeschichte des Nikolaus von Kues / Meuthen, ... 1976- 
983 0 0 |2 11  |1 00  |x DE-1a  |8 53  |a HA 03 Be 8680-0001,01# L # Acta Cusana : Quellen zur Lebensgeschichte des Nikolaus ... # Bd. 1, Lfg. 1 
983 |2 39  |1 00  |x DE-547  |8 00  |a BN 2834 
983 |2 123  |1 00  |x DE-Ha33  |8 00  |a DEn 
983 |2 130  |1 01  |x 0700  |8 00  |a IZN M 
984 |2 11  |1 01  |x 0001  |a 131997655010 
984 |2 11  |1 02  |x 0001  |a 125628147010 
984 |2 22  |1 01  |x 0018  |a 918182834 
984 |2 22  |1 03  |x 0018  |a 102468681 
984 |2 24  |1 01  |x 0008  |a 8$0014401142 
984 |2 31  |1 01  |x 0027  |a 27$004095049 
984 |2 39  |1 01  |x 0547  |a 547$012586684 
984 |2 40  |1 01  |x 0007  |a 7$205474853 
984 |2 40  |1 02  |x 0007  |a 7$22056986X 
984 |2 60  |1 01  |x 0705  |a 705/0$24660183 
984 |2 69  |1 01  |x 0009  |a 9$00141151 
984 |2 72  |1 01  |x 0035  |a 35$000142891 
984 |2 90  |1 01  |x 3090  |a HIL2$00112666 
984 |2 120  |1 01  |x 0715  |a 17084607 
984 |2 121  |1 01  |x 0045  |a 45$01040708 
984 |2 123  |1 01  |x 3311  |a HA33$0199079 
984 |2 130  |1 01  |x 0700  |a 700$25047077 
984 |2 227  |1 01  |x 0056  |a 56$002028378 
984 |2 350  |1 01  |x 8293  |a 8293000606439 
984 |2 607  |1 01  |x 4607  |a 4607$0023132 
984 |2 813  |1 01  |x 4813  |a 0000907291  |x 00 
985 |2 21  |1 01  |x 0046  |a cm 7001-1,1 
985 |2 22  |1 02  |x 0018  |a 1a/3-1977 
985 |2 22  |1 03  |x 0018  |a 077 1976/15801 
985 |2 31  |1 01  |x 0027  |a A337 
985 |2 39  |1 01  |x 0547  |a TFE-0600006222 
985 |2 40  |1 02  |x 0007  |a 76.662 
985 |2 50  |1 01  |x 0023  |a F4° 58b:1,1 
985 |2 60  |1 01  |x 0705  |a 2011 07776 
985 |2 69  |1 01  |x 0009  |a 97.4328 
985 |2 90  |1 01  |x 3090  |a 20938 
985 |2 227  |1 01  |x 0056  |a F 87.61 
985 |2 350  |1 01  |x 8293  |a 77/1588 
985 |2 813  |1 01  |x 4813  |a 13:04638 
995 |2 21  |1 01  |x 0046  |a kk 
995 |2 24  |1 01  |x 0008  |a ba 
995 |2 24  |1 02  |x 0008  |a ha 
995 |2 120  |1 01  |x 0715  |a alma 
995 |2 121  |1 01  |x 0045  |a alma